| 000 | 00691nam a2200205Ia 4500 | ||
|---|---|---|---|
| 001 | 4218 | ||
| 003 | GE_BSU | ||
| 008 | 181216s||||||||xx |||||||||||||| ||und|| | ||
| 040 | _cGE_BSU | ||
| 080 | _a665.5.06 | ||
| 100 | _aГусейнов Д.А. Спектор Ш.Ш.Вайнер Л.З. | ||
| 245 | _aТехнологические расчеты процессов переработки нефти. | ||
| 245 | _cВед. ред. К.Ф. Клейменова. | ||
| 260 | _aМ. | ||
| 260 | _bХимия. | ||
| 260 | _c1964. | ||
| 300 | _a308стр. 21 см. | ||
| 653 | _aТехнологические расчеты процессов переработки нефти. | ||
| 942 | _cBK | ||
| 999 |
_c38228 _d38228 |
||